The language of value.

محفوظ في:
التفاصيل البيبلوغرافية
المؤلف الرئيسي: Lepley, Ray, 1903-
التنسيق: كتاب
اللغة:English
منشور في: New York : Columbia University Press, 1957.
الموضوعات:
LEADER 01480nam a2200241 i 4500
001 c000248417
003 CARM
005 00000000000000.0
008 840405s1957 nyu 0 eng d
019 1 |a 4162147  |5 LACONCORD2021 
035 |a (OCoLC)375045  |5 LACONCORD2021 
082 0 4 |a 121.8 
100 1 |a Lepley, Ray,  |d 1903- 
245 1 4 |a The language of value. 
260 |a New York :  |b Columbia University Press,  |c 1957. 
300 |a viii, 428 p. :  |b illus. 24 cm. 
500 |a Erratum slip inserted. 
500 |a Bibliographical footnotes. 
505 0 |a Essays: The languages of values, by W. Moore. The languages of sign theory and value theory, by E. S. Robinson. Significance, signification, and painting, by C. Morris. Evaluation and discourse, by S. C. Pepper. Empirical verifiability theory of factual meaning and axiological truth, by E. M. Adams. The third man, by I. McGreal. A non-normative definition of "good," by A. C. Garnett. The judgmental functions of moral language, by H. Fingarette. Some puzzles for attitude theories of value, by R. B. Brandt. The meaning of "intrinsic value," by H. N. Lee. Value prepositions, by R. S. Hartman. A second sequel on value, by R. Lepley. -- Comments and responses. 
650 0 |a Values. 
852 8 |b CARM  |h A2:AQ10G0  |i C08512  |p 0321550  |f BK 
999 f f |i 57e92162-7e52-53f2-935a-87bc9ddb461a  |s 2168fc1a-bba3-5ec0-aa18-ddf142a25fe7 
952 f f |p Can circulate  |a CAVAL  |b CAVAL  |c CAVAL  |d CARM 1 Store  |e C08512  |f A2:AQ10G0  |h Other scheme  |i book  |m 0321550